El trabajador cubano en el Estado de obreros y campesinos /

Estudio sobre el trabajo en la Cuba comunista, centrado en los derechos de los trabajadores, las tareas que se les asignan, así como en el papel que juegan los dirigentes oficiales, sindicales y del Partido Comunista en la conducción del régimen laboral. Quedan de manifiesto las múltiples contradicc...

詳細記述

保存先:
書誌詳細
第一著者: Córdova, Efrén (autor)
フォーマット: 図書
言語:スペイン語
出版事項: Miami, EUA : Universal, 1990, c1989
シリーズ:(Cuba y sus Jueces)
主題:
タグ: タグ追加
タグなし, このレコードへの初めてのタグを付けませんか!

MARC

LEADER 00000nam^a2200000^a^4500
001 000154417
005 20250521000000.0
009 20260310100354.524
020 |a 0-89729-553-6 
037 |a Acervo ITESO - Biblioteca 
041 |a ESP 
082 |a 331. 097291064  |b COR 
100 |a Córdova, Efrén  |e (autor) 
245 1 3 |a El trabajador cubano en el Estado de obreros y campesinos /  |c E. Córdova. 
264 4 |a Miami, EUA :  |b Universal,  |c 1990, c1989 
300 |a 219 p. 
336 |a texto  |b txt  |2 rdacontenido 
337 |a sin mediación  |b n  |2 rdamedio 
338 |a volumen  |b nc  |2 rdasoporte 
440 1 |a (Cuba y sus Jueces) 
520 |a Estudio sobre el trabajo en la Cuba comunista, centrado en los derechos de los trabajadores, las tareas que se les asignan, así como en el papel que juegan los dirigentes oficiales, sindicales y del Partido Comunista en la conducción del régimen laboral. Quedan de manifiesto las múltiples contradicciones del sistema laboral en la isla, al mismo tiempo que se cuestiona la retórica político-ideológica que ha impuesto, según el punto de vista del autor, una estricta disciplina y militarización del trabajo, bajo un esquema sindical prácticamente anulado. 
649 |a XX 
650 |a Obreros -  |z Cuba -  |x Condiciones Laborales 
650 |a Mujeres -  |z Cuba -  |x Condiciones Laborales 
650 |a Niños -  |z Cuba -  |x Condiciones Laborales 
650 |a Calidad de Vida 
650 |a Seguridad Industrial 
650 |a Vacaciones y Días de Descanso 
650 |a Trabajo Obligatorio 
650 |a Trabajo Infantil 
650 |a Administración de Sueldos y Salarios 
650 |a Sindicalismo 
650 |a Relaciones Empleado-Empleador 
650 |a Relaciones Laborales 
650 |a Recursos Humanos 
650 |a Igualdad y Desigualdad 
650 |a Empleo y Desempleo 
650 |a Socialismo 
650 |a Política Laboral 
650 |a Política Económica 
650 |a Sociología Laboral 
650 |a Economía Laboral 
650 |a Economía -  |z Cuba -  |x Historia -  |y 1959- 
650 |a Cuba -  |x Condiciones Laborales 
910 |a Fondo General 
920 |a Impresos - Libros 
930 |a Colección General 
905 |a 101 
901 |a 0500085972  |b IT1  |c ACC  |u 20250521 
902 |a https://opac.biblio.iteso.mx/vufind/Record/000154417